[Event "Guernsey Open"]
[Site "Guernsey"]
[Date "2009.10.22"]
[Round "5"]
[White "Bolt, Graham"]
[Black "Goessling, Guido"]
[Result "1-0"]
[WhiteElo "2054"]
[BlackElo "2277"]
[PlyCount "79"]
[EventDate "2009.10.18"]

1. g3 d5 2. Bg2 c6 3. d3 Bg4 4. Nf3 Nd7 5. Nbd2 e5 6. c4 Ngf6 7. h3 Bf5 8. cxd5
cxd5 9. b3 Bc5 10. Bb2 Qe7 11. O-O O-O 12. d4 exd4 13. Nxd4 Bg6 14. N2f3 Ne4
15. e3 Bd6 16. Nb5 Bc5 17. Nbd4 Ndf6 18. Kh2 Rfe8 19. Nh4 Bh5 20. Qd3 Rad8 21.
Rac1 a6 22. Ndf5 Qf8 23. Rc2 Ba7 24. Rc7 Bb8 25. Rc2 g6 26. Nd4 Qd6 27. f4 Nc5
28. Qd2 Nfe4 29. Qb4 b6 30. g4 Nf6 31. gxh5 Rxe3 32. Ndf5 gxf5 33. Nxf5 Qe6 34.
Nxe3 Nxh5 35. Qd4 Kf8 36. Nxd5 f6 37. Bc1 Qf5 38. Qc4 Re8 39. Re2 Rc8 40. Ne7
1-0

[Event "Guernsey Open"]
[Site "Guernsey"]
[Date "2009.10.22"]
[Round "5"]
[White "Goris, Ton"]
[Black "Norman, Kenneth I"]
[Result "1-0"]
[WhiteElo "2060"]
[BlackElo "2182"]
[PlyCount "97"]
[EventDate "2009.10.18"]

1. e4 e5 2. Nf3 Nc6 3. d4 exd4 4. c3 d5 5. exd5 Qxd5 6. cxd4 Bg4 7. Be2 Bb4+ 8.
Nc3 Bxf3 9. Bxf3 Qc4 10. Bd2 Nge7 11. a3 Ba5 12. Ne2 Bb6 13. O-O O-O-O 14. Rc1
Qb5 15. Qc2 Bxd4 16. Nxd4 Rxd4 17. Bc3 Rd6 18. Rfe1 f6 19. Bb4 Rd7 20. Bg4 f5
21. Be2 Qd5 22. Bc4 Nxb4 23. axb4 Qc6 24. Be6 Qxc2 25. Rxc2 Rhd8 26. Rd2 c6 27.
Red1 Nd5 28. Bxf5 Kc7 29. Bxd7 Rxd7 30. b5 Kb6 31. bxc6 bxc6 32. Rd3 Kc5 33.
Rc1+ Kb5 34. f3 a5 35. Kf2 Rf7 36. g3 Nb4 37. Re3 Rd7 38. Ke2 Kb6 39. b3 Nd5
40. Re6 Nb4 41. Rd1 Nd5 42. Rd4 Kb5 43. Re8 Rb7 44. Re6 Rd7 45. Re8 Rb7 46. Kd2
Kc5 47. Rc4+ Kb5 48. Re6 Rd7 49. Rcxc6 1-0

[Event "Guernsey Open"]
[Site "Guernsey"]
[Date "2009.10.22"]
[Round "5"]
[White "Hoare, Amy"]
[Black "Collier, David O"]
[Result "1/2-1/2"]
[WhiteElo "1797"]
[BlackElo "2125"]
[PlyCount "50"]
[EventDate "2009.10.18"]

1. e4 c6 2. c4 d5 3. cxd5 cxd5 4. exd5 Nf6 5. Nc3 Nxd5 6. Nf3 e6 7. d4 Be7 8.
Bd3 O-O 9. O-O Nc6 10. Re1 Re8 11. a3 a6 12. Ne5 Nxe5 13. Rxe5 Bf6 14. Re1 Nxc3
15. bxc3 Bd7 16. Bf4 Rc8 17. Qb3 Bc6 18. Be5 Qd5 19. Qxd5 Bxd5 20. Rac1 Bxe5
21. Rxe5 Bc4 22. Re3 Bxd3 23. Rxd3 Rc4 24. Rb1 b5 25. Kf1 Rec8 1/2-1/2

[Event "Guernsey Open"]
[Site "Guernsey"]
[Date "2009.10.22"]
[Round "5"]
[White "Kamps, Jacques"]
[Black "Minnican, Alan William"]
[Result "0-1"]
[WhiteElo "2033"]
[BlackElo "2105"]
[PlyCount "70"]
[EventDate "2009.10.18"]

1. e4 e5 2. Nf3 Nc6 3. Nc3 Nf6 4. g3 Bc5 5. Bg2 a5 6. O-O d6 7. d3 h6 8. h3 Be6
9. Be3 Nd4 10. Bxd4 Bxd4 11. Nxd4 exd4 12. Ne2 c5 13. c3 dxc3 14. bxc3 Bd7 15.
f4 Bc6 16. g4 Qe7 17. Ng3 g6 18. d4 O-O 19. d5 Bb5 20. Re1 Nd7 21. Rb1 Ba6 22.
c4 Qf6 23. Qf3 Qd4+ 24. Kh2 Rfe8 25. e5 dxe5 26. Ne4 exf4 27. Qxf4 Kg7 28. Kh1
Nf6 29. Rbd1 Qe5 30. Qf2 Bxc4 31. Nxc5 Qc3 32. Rxe8 Rxe8 33. d6 Re2 34. Qd4 Qg3
35. Rg1 Bd5 0-1

[Event "Guernsey Open"]
[Site "Guernsey"]
[Date "2009.10.22"]
[Round "5"]
[White "Prins, Jan"]
[Black "Von Saldern, Ruediger"]
[Result "1-0"]
[WhiteElo "2069"]
[BlackElo "2040"]
[PlyCount "109"]
[EventDate "2009.10.18"]

1. e4 e5 2. Nc3 Bc5 3. Nf3 d6 4. Bc4 Nf6 5. O-O O-O 6. d3 Be6 7. Rb1 Nc6 8. Bg5
h6 9. Bh4 Bxc4 10. dxc4 Nd4 11. Nd5 g5 12. Nxd4 Bxd4 13. c3 Bb6 14. Nxf6+ Qxf6
15. Bg3 Qe6 16. Qd3 f5 17. exf5 Rxf5 18. Rbe1 Raf8 19. b4 Re8 20. Re4 Qf7 21.
a4 a5 22. Qd5 axb4 23. cxb4 Bd4 24. Qxf7+ Kxf7 25. Re2 Kg6 26. Rd1 Ref8 27. a5
h5 28. h4 g4 29. b5 Ra8 30. Ra2 Bc3 31. a6 bxa6 32. Rxa6 Rxa6 33. bxa6 Bd4 34.
Rb1 Rf8 35. Rb4 Ra8 36. Ra4 Kf5 37. Kf1 Ke4 38. Ke2 Bc5 39. f3+ gxf3+ 40. gxf3+
Kd4 41. Kd2 e4 42. Bf2+ Ke5 43. Bxc5 dxc5 44. fxe4 Kxe4 45. Kc3 Kf4 46. a7 Kg4
47. Kd3 Kxh4 48. Ke4 c6 49. Ke5 Kg3 50. Kd6 h4 51. Kc7 h3 52. Kb7 h2 53. Ra3+
Kg2 54. Ra2+ Kg3 55. Rxh2 1-0

[Event "Guernsey Open"]
[Site "Guernsey"]
[Date "2009.10.22"]
[Round "5"]
[White "Taylor, Mark V"]
[Black "Carlucci, Paul"]
[Result "1-0"]
[WhiteElo "2141"]
[BlackElo "1970"]
[PlyCount "77"]
[EventDate "2009.10.18"]

1. d4 Nf6 2. c4 e6 3. Nf3 b6 4. a3 Bb7 5. Nc3 d5 6. cxd5 exd5 7. Bf4 Bd6 8.
Bxd6 Qxd6 9. Rc1 c6 10. g3 O-O 11. Bg2 Re8 12. O-O Nbd7 13. Re1 Rac8 14. b4 a6
15. Qb3 b5 16. Rcd1 Nb6 17. Nd2 Nc4 18. e4 Qc7 19. a4 bxa4 20. Qa2 Nxd2 21.
Rxd2 h5 22. e5 Nh7 23. Nxa4 a5 24. bxa5 Qxa5 25. Nc5 Qxa2 26. Rxa2 Ba8 27. Rb1
Nf8 28. Bh3 Ne6 29. Bxe6 fxe6 30. Ra7 Rf8 31. Nxe6 Rf7 32. Rxf7 Kxf7 33. Nc5
Rc7 34. Ra1 Rc8 35. Ra7+ Kg6 36. Ne6 Kf5 37. Nxg7+ Kg6 38. Ne6 Kf5 39. Nc7 1-0

[Event "Guernsey Open"]
[Site "Guernsey"]
[Date "2009.10.22"]
[Round "5"]
[White "Pickersgill, Adrian"]
[Black "Gregg, Alan Michael"]
[Result "1/2-1/2"]
[WhiteElo "2024"]
[BlackElo "2140"]
[PlyCount "95"]
[EventDate "2009.10.18"]

1. e4 e5 2. Bb5 Nf6 3. d4 c6 4. dxe5 Nxe4 5. Bd3 Nc5 6. Be2 d5 7. Nf3 Be7 8.
O-O Ne6 9. Re1 O-O 10. c3 f6 11. exf6 Bxf6 12. Qc2 g6 13. Be3 Ng7 14. Nbd2 Nf5
15. Bc5 Re8 16. c4 b6 17. Ba3 Be6 18. Rad1 Nd7 19. Bd3 Ng7 20. cxd5 cxd5 21.
Nb3 Rc8 22. Qd2 Bf7 23. Ba6 Rxe1+ 24. Rxe1 Ra8 25. Bb7 Rb8 26. Bxd5 Ne5 27.
Bxf7+ Nxf7 28. Qxd8+ Rxd8 {(=)} 29. Be7 Bxe7 30. Rxe7 Kf8 31. Re1 Nf5 32. g4
N5d6 33. Nbd4 Rc8 34. b3 Rc3 35. Kg2 b5 36. Re3 Rxe3 37. fxe3 a5 38. a3 a4 39.
bxa4 bxa4 40. Ne6+ Ke7 41. Nc5 Nc4 42. Kf2 Nfd6 43. Nxa4 Ne4+ 44. Ke2 Nxa3 45.
Nd2 Nxd2 46. Kxd2 Nc4+ 47. Ke2 Kf6 48. Nc3 1/2-1/2

[Event "Guernsey Open"]
[Site "Guernsey"]
[Date "2009.10.22"]
[Round "5"]
[White "Paardekam, Rene"]
[Black "Bakker, Joop"]
[Result "1-0"]
[WhiteElo "2072"]
[BlackElo "1996"]
[PlyCount "85"]
[EventDate "2009.10.18"]

1. e4 e5 2. Nf3 d6 3. d4 exd4 4. Nxd4 Nf6 5. Nc3 Be7 6. Be2 O-O 7. O-O d5 8.
exd5 Nxd5 9. Nxd5 Qxd5 10. Bf3 Qc4 11. Be3 Rd8 12. Qe2 Qxe2 13. Nxe2 c6 14.
Rfd1 Bf5 15. Rxd8+ Bxd8 16. Rd1 Na6 17. Nd4 Bd7 18. Nb5 Be8 19. Nd6 Bb6 20.
Bxb6 axb6 21. Nxb7 Rb8 22. Rd8 Rxd8 23. Nxd8 c5 24. c3 Kf8 25. Nc6 f6 26. Na7
Bd7 27. Bb7 Nb8 28. Nc8 Bxc8 29. Bxc8 Ke7 30. Bf5 h6 31. Kf1 Kd6 32. Ke2 Ke5
33. Bd3 Kd5 34. Bb5 c4 35. Ke3 Kc5 36. a4 Kd5 37. f4 f5 38. h3 h5 39. h4 Kc5
40. Be8 Na6 41. Bxh5 b5 42. axb5 Kxb5 43. Kd4 1-0

[Event "Guernsey Open"]
[Site "Guernsey"]
[Date "2009.10.22"]
[Round "5"]
[White "Thurlow, Kevin J"]
[Black "Morcom, Huw"]
[Result "1/2-1/2"]
[WhiteElo "2070"]
[BlackElo "1965"]
[PlyCount "58"]
[EventDate "2009.10.18"]

1. c4 g6 2. Nc3 Bg7 3. d4 f5 4. g3 d6 5. Bg2 c6 6. e3 Nh6 7. Nge2 Nf7 8. O-O
Na6 9. Rb1 O-O 10. b4 Nc7 11. b5 Bd7 12. a4 e5 13. Ba3 Re8 14. a5 e4 15. Qd2
Be6 16. bxc6 bxc6 17. d5 cxd5 18. cxd5 Bc8 19. Nd4 Ba6 20. Rfc1 Ne5 21. Ncb5
Nxb5 22. Nxb5 Bxb5 23. Rxb5 Rb8 24. Rcb1 Rxb5 25. Rxb5 Nc4 26. Qc1 Nxa3 27.
Qxa3 Qc7 28. a6 Rb8 29. Bf1 Rxb5 1/2-1/2

[Event "Guernsey Open"]
[Site "Guernsey"]
[Date "2009.10.22"]
[Round "5"]
[White "De Kruif, Kees"]
[Black "Williams, Peter A"]
[Result "0-1"]
[WhiteElo "2053"]
[BlackElo "1961"]
[PlyCount "80"]
[EventDate "2009.10.18"]

1. b4 e5 2. Bb2 Bxb4 3. Bxe5 Nf6 4. Nc3 Nc6 5. Bxf6 Qxf6 6. Nd5 Qd6 7. Nxb4
Nxb4 8. Rb1 b6 9. c4 Bb7 10. Qb3 a5 11. a3 Nc6 12. Qe3+ Ne7 13. Nf3 O-O 14. Qc3
Nf5 15. e3 Bxf3 16. gxf3 Nh4 17. Be2 Qg6 18. Rb5 Qg2 19. Rf1 Nxf3+ 20. Bxf3
Qxf3 21. Rg5 f6 22. Rg3 Qf5 23. h4 c6 24. Rfg1 Rf7 25. Qb3 Rb8 26. Rg4 d5 27.
c5 b5 28. e4 Re8 29. d3 Qe6 30. Qc3 dxe4 31. Rxe4 Qd7 32. Rxe8+ Qxe8+ 33. Kd2
Qe5 34. Qxa5 Qxc5 35. Re1 Qxf2+ 36. Re2 Qf4+ 37. Re3 Rf8 38. Qc3 Re8 39. Qb3+
Kh8 40. d4 Qf2+ 0-1

[Event "Guernsey Open"]
[Site "Guernsey"]
[Date "2009.10.22"]
[Round "5"]
[White "Morris Hill, Ray"]
[Black "Downey, Keith"]
[Result "0-1"]
[WhiteElo "2048"]
[BlackElo "1931"]
[PlyCount "82"]
[EventDate "2009.10.18"]

1. e4 c5 2. Nf3 e6 3. g3 Nc6 4. Bg2 d6 5. O-O Nf6 6. d3 g6 7. Re1 Bg7 8. c3 e5
9. Nbd2 h6 10. Nf1 O-O 11. Ne3 Kh7 12. h4 Be6 13. Nh2 d5 14. Nhg4 Nxg4 15. Nxg4
dxe4 16. dxe4 Qxd1 17. Rxd1 Bxg4 18. f3 Be6 19. Be3 b6 20. f4 Rad8 21. f5 Bc8
22. Rf1 Rfe8 23. g4 Ba6 24. Rf2 Rd6 25. g5 Red8 26. Bf3 Na5 27. Re1 Nc4 28. Bc1
Bb7 29. f6 Bf8 30. h5 Nd2 31. Bg2 gxh5 32. Bh3 hxg5 33. Bf5+ Kh8 34. Ree2 Nxe4
35. Bxe4 Bxe4 36. Rxe4 Rd1+ 37. Rf1 Rxf1+ 38. Kxf1 Rd1+ 39. Kg2 Rxc1 40. Rxe5
Rc2+ 41. Kh3 Bd6 0-1

[Event "Guernsey Open"]
[Site "Guernsey"]
[Date "2009.10.22"]
[Round "5"]
[White "Dijksterhuis, Rolf"]
[Black "Gravett, Alan D"]
[Result "0-1"]
[WhiteElo "2045"]
[BlackElo "1909"]
[PlyCount "36"]
[EventDate "2009.10.18"]

1. e4 c5 2. Nf3 d6 3. d4 cxd4 4. Nxd4 Nf6 5. Nc3 g6 6. Bc4 Bg7 7. f3 Nc6 8. Be3
O-O 9. Bb3 Bd7 10. Qd2 a6 11. O-O-O b5 12. g4 Ne5 13. h4 a5 14. h5 a4 15. hxg6
axb3 16. Bh6 bxa2 17. Bxg7 a1=Q+ 18. Nb1 Qxb2+ 0-1

[Event "Guernsey Open"]
[Site "Guernsey"]
[Date "2009.10.22"]
[Round "5"]
[White "Muller, Anton"]
[Black "Gant, Christopher"]
[Result "0-1"]
[WhiteElo "1951"]
[BlackElo "2235"]
[PlyCount "72"]
[EventDate "2009.10.18"]

1. e4 c5 2. c3 b6 3. d4 Bb7 4. Bd3 cxd4 5. cxd4 Nc6 6. d5 Nb4 7. Be2 e6 8. a3
Na6 9. dxe6 fxe6 10. Nc3 Nc5 11. Bh5+ g6 12. Bf3 Bg7 13. Nb5 d5 14. exd5 Nf6
15. d6 O-O 16. Bxb7 Nxb7 17. Nc7 Rc8 18. Ne2 Qd7 19. O-O Nxd6 20. Na6 Rfd8 21.
Bg5 Qb5 22. Bxf6 Bxf6 23. Nb4 Nf5 24. Qe1 a5 25. Nf4 axb4 26. Qxe6+ Kg7 27.
Rac1 Rxc1 28. Rxc1 Qd7 29. g3 Nd4 30. Qxb6 Be5 31. Rc5 Bxf4 32. gxf4 Qg4+ 33.
Kf1 Qd1+ 34. Kg2 Qf3+ 35. Kg1 Ne2+ 36. Kf1 Rd1# 0-1

[Event "Guernsey Open"]
[Site "Guernsey"]
[Date "2009.10.22"]
[Round "5"]
[White "Cummins, John"]
[Black "Ippel, Cornelius J"]
[Result "0-1"]
[WhiteElo "1898"]
[BlackElo "2073"]
[PlyCount "145"]
[EventDate "2009.10.18"]

1. Nf3 e6 2. c4 c6 3. b3 Nf6 4. g3 d5 5. Bg2 Be7 6. O-O O-O 7. Bb2 Re8 8. d3
Nbd7 9. Nbd2 Bb4 10. a3 Bxd2 11. Qxd2 Nf8 12. Ne5 Ng6 13. Nxg6 fxg6 14. c5 e5
15. b4 d4 16. e3 dxe3 17. fxe3 Bf5 18. Rad1 Qd7 19. Rfe1 Rad8 20. Bf1 e4 21. d4
Bg4 22. Rc1 h5 23. a4 Nh7 24. b5 Ng5 25. Bg2 Bf3 26. bxc6 bxc6 27. Rf1 Rf8 28.
Qc3 Bxg2 29. Rxf8+ Rxf8 30. d5 Bf3 31. dxc6 Qf7 32. h4 Nh3+ 33. Kh2 Nf2 34. Qc4
Ng4+ 35. Kg1 Nxe3 36. Qxf7+ Rxf7 37. Be5 Bg4 38. Rb1 Nc4 39. c7 e3 40. Bf4 e2
41. Kf2 Ne5 42. c8=Q+ Bxc8 43. Kxe2 Bg4+ 44. Kd2 Rd7+ 45. Kc3 Nc6 46. Re1 Bf5
47. Bd6 Kf7 48. Re3 Ne7 49. Re5 Be6 50. Re1 Nd5+ 51. Kd4 Nf6 52. Rb1 Ne8 53.
Ke5 Bf5 54. Rb4 Nxd6 55. cxd6 Bg4 56. Rb8 Bd1 57. a5 a6 58. Rb6 Be2 59. Rb8 g5
60. Rb2 Bb5 61. hxg5 Rb7 62. Rd2 Kg6 63. Ke6 Bc4+ 64. Ke5 Bb5 65. Ke6 Bd7+ 66.
Ke7 Kxg5 67. Rd4 Bf5+ 68. d7 Rxd7+ 69. Rxd7 Bxd7 70. Kxd7 Kg4 71. Kc6 Kxg3 72.
Kb6 h4 73. Kxa6 0-1

[Event "Guernsey Open"]
[Site "Guernsey"]
[Date "2009.10.22"]
[Round "5"]
[White "Campbell, Eoin"]
[Black "Rowe, Peter"]
[Result "1-0"]
[WhiteElo "1910"]
[BlackElo "2039"]
[PlyCount "34"]
[EventDate "2009.10.18"]

1. Nf3 d6 2. d4 Nf6 3. c4 c5 4. Nc3 cxd4 5. Nxd4 Nc6 6. e4 Qb6 7. Nf5 g6 8. Ne3
Bg7 9. Be2 O-O 10. h4 Qd4 11. h5 Qxd1+ 12. Bxd1 Ne5 13. h6 Bh8 14. Ncd5 Rd8 15.
Nxe7+ Kf8 16. N3d5 Nxe4 17. Bc2 Nc5 {1-0, "Phone".} 1-0

[Event "Guernsey Open"]
[Site "Guernsey"]
[Date "2009.10.22"]
[Round "5"]
[White "Burton, Ronnie"]
[Black "Livesey, Nigel"]
[Result "1/2-1/2"]
[WhiteElo "2036"]
[BlackElo "1921"]
[PlyCount "40"]
[EventDate "2009.10.18"]

1. d4 d5 2. Nf3 Nf6 3. e3 g6 4. Bd3 Bg7 5. b3 O-O 6. Nbd2 c5 7. Bb2 cxd4 8.
exd4 Nc6 9. O-O b6 10. a3 Bb7 11. Re1 e6 12. Ne5 Rc8 13. f4 Rc7 14. Rc1 Qc8 15.
Qe2 Nb8 16. b4 Nc6 17. g4 Nd7 18. Ndf3 Ndxe5 19. Nxe5 Ne7 20. h3 Kh8 1/2-1/2

[Event "Guernsey Open"]
[Site "Guernsey"]
[Date "2009.10.22"]
[Round "5"]
[White "Guttridge, David"]
[Black "Wood, Peter C"]
[Result "1/2-1/2"]
[WhiteElo "1965"]
[BlackElo "1914"]
[PlyCount "26"]
[EventDate "2009.10.18"]

1. d4 d5 2. Nf3 Nf6 3. e3 c6 4. c4 g6 5. Nc3 dxc4 6. Bxc4 Bg7 7. O-O O-O 8. Bd2
Bg4 9. Be2 Nbd7 10. Rc1 Bxf3 11. Bxf3 e6 12. b4 Nd5 13. Nxd5 cxd5 1/2-1/2

[Event "Guernsey Open"]
[Site "Guernsey"]
[Date "2009.10.22"]
[Round "5"]
[White "Murray, Steve"]
[Black "Lenier, Jude"]
[Result "0-1"]
[WhiteElo "1964"]
[BlackElo "1828"]
[PlyCount "82"]
[EventDate "2009.10.18"]

1. e4 e5 2. Nf3 Nc6 3. Bc4 Bc5 4. c3 Nf6 5. d4 exd4 6. cxd4 Bb4+ 7. Bd2 Bxd2+
8. Nbxd2 d5 9. exd5 Nxd5 10. O-O O-O 11. Re1 Nce7 12. h3 c6 13. Rc1 Bf5 14. Ne4
Re8 15. Bb3 h6 16. Nc5 Rb8 17. Ne5 Ng6 18. Qh5 Qc8 19. g4 Nxe5 20. dxe5 Bg6 21.
Qh4 b6 22. Na4 Nf4 23. Re3 Qa6 24. Rce1 c5 25. Nc3 c4 26. Ba4 b5 27. Bxb5 Rxb5
28. Nxb5 Qxb5 29. Qg3 Nd3 30. R1e2 Nc1 31. Rd2 Qb4 32. Rd7 Qxb2 33. Qf3 c3 34.
Rc7 c2 35. Qc6 Re6 36. Qa8+ Kh7 37. Rc8 Ne2+ 38. Kh2 Bd3 39. Rxd3 Qxe5+ 40. Kh1
Qa1+ 41. Kh2 Qg1# 0-1

[Event "Guernsey Open"]
[Site "Guernsey"]
[Date "2009.10.22"]
[Round "5"]
[White "Brookfield, Toby"]
[Black "Agustsson, Hafsteinn"]
[Result "1/2-1/2"]
[WhiteElo "1779"]
[BlackElo "1952"]
[PlyCount "53"]
[EventDate "2009.10.18"]

1. e4 c5 2. Nf3 Nc6 3. d4 cxd4 4. Nxd4 Nf6 5. Nc3 e5 6. Ndb5 d6 7. Bg5 a6 8.
Na3 b5 9. Nd5 Qa5+ 10. Bd2 Qd8 11. Bg5 Be7 12. Bxf6 Bxf6 13. c4 bxc4 14. Nxc4
Rb8 15. Nxf6+ Qxf6 16. Qxd6 Qxd6 17. Nxd6+ Ke7 18. Nxc8+ Rhxc8 19. Bxa6 Rc7 20.
O-O Nb4 21. Be2 Rc2 22. Bd1 Rxb2 23. Bb3 Rd8 24. Rfd1 Rxd1+ 25. Rxd1 Nxa2 26.
Bxa2 Rxa2 27. f3 1/2-1/2

[Event "Guernsey Open"]
[Site "Guernsey"]
[Date "2009.10.22"]
[Round "5"]
[White "Goris Schouwstra, Adry"]
[Black "Staneland, Peter"]
[Result "0-1"]
[WhiteElo "1952"]
[BlackElo "1705"]
[PlyCount "128"]
[EventDate "2009.10.18"]

1. d4 d5 2. Nf3 c5 3. e3 Bf5 4. c4 e6 5. cxd5 Bxb1 6. Qa4+ Nd7 7. dxe6 fxe6 8.
Rxb1 a6 9. dxc5 Bxc5 10. Qc4 Qe7 11. Be2 Ngf6 12. O-O O-O 13. Nd4 Rae8 14. Bf3
b5 15. Qc3 Kh8 16. b4 Bd6 17. a3 Ne5 18. Be2 Nd5 19. Qd2 Qh4 20. f4 Ng4 21.
Bxg4 Qxg4 22. h3 Qg6 23. Bb2 Qe4 24. Rbe1 e5 25. Nf3 Bc7 26. Ng5 Qc4 27. Rc1
Qb3 28. Rfe1 exf4 29. exf4 Bb6+ 30. Bd4 Bxd4+ 31. Qxd4 Rxe1+ 32. Rxe1 Nf6 33.
Re3 Qb1+ 34. Kh2 h6 35. Ne6 Rf7 36. Qd8+ Kh7 37. Nf8+ Kg8 38. Nd7+ Kh7 39. Ne5
Rb7 40. Qc8 Re7 41. Qc5 Qf5 42. Rf3 Re8 43. Qd4 Rc8 44. Ng4 Nxg4+ 45. hxg4 Qxg4
46. Qe4+ Kh8 47. Rg3 Qh5+ 48. Rh3 Qf7 49. Qe5 Kg8 50. f5 Rf8 51. Rf3 Qh5+ 52.
Kg1 Re8 53. Qd5+ Kh8 54. Qd2 Qh4 55. Rf1 Rf8 56. Rf3 Rf6 57. Qe3 Qg4 58. Qd3
Qg5 59. Qd8+ Kh7 60. Qd3 Qc1+ 61. Kh2 Qe1 62. g3 Qe5 63. Kg2 Rd6 64. f6+ Rxd3
0-1

[Event "Guernsey Open"]
[Site "Guernsey"]
[Date "2009.10.22"]
[Round "5"]
[White "Dennis, Nigel W"]
[Black "Nicholson, John"]
[Result "1-0"]
[WhiteElo "1957"]
[BlackElo "1882"]
[PlyCount "53"]
[EventDate "2009.10.18"]

1. e4 c5 2. Nf3 e6 3. d4 cxd4 4. Nxd4 a6 5. c4 Qc7 6. Nc3 Nf6 7. a3 Nc6 8. Be3
Be7 9. Be2 O-O 10. O-O d6 11. f4 Re8 12. Kh1 e5 13. Nc2 exf4 14. Bxf4 Ne5 15.
Ne3 Be6 16. Ncd5 Bxd5 17. Nxd5 Nxd5 18. Qxd5 Bf6 19. Rac1 Qc6 20. b4 Ng6 21.
Qxc6 bxc6 22. Bxd6 Rxe4 23. Bf3 Re6 24. Bxc6 Rd8 25. c5 Bb2 26. Rb1 Bxa3 27.
Rb3 1-0

[Event "Guernsey Open"]
[Site "Guernsey"]
[Date "2009.10.22"]
[Round "5"]
[White "Brooker, Chris H"]
[Black "Reutimann, Hans Peter"]
[Result "0-1"]
[WhiteElo "1866"]
[BlackElo "1812"]
[PlyCount "70"]
[EventDate "2009.10.18"]

1. f4 d5 2. e3 Nf6 3. Nf3 Bf5 4. b3 e6 5. Bb2 Nbd7 6. Be2 h6 7. O-O Bc5 8. Ne5
Qe7 9. Nc3 c6 10. a3 Nxe5 11. fxe5 Nh7 12. Na4 Ng5 13. d4 Bb6 14. Nxb6 axb6 15.
a4 Ne4 16. Bg4 Bg6 17. Rf4 h5 18. Bf3 Ng5 19. Ba3 c5 20. Be2 Kf8 21. c4 Be4 22.
Bxh5 Nh3+ 23. gxh3 Qg5+ 24. Bg4 Rxh3 25. Qe2 Ke7 26. Kf1 Rh4 27. cxd5 exd5 28.
h3 Rah8 29. Ke1 f5 30. exf6+ gxf6 31. Qf2 Rxh3 32. Bxh3 Rxh3 33. Kd2 Rg3 34.
Kc3 Rg2 35. Qf1 Rc2# 0-1

[Event "Guernsey Open"]
[Site "Guernsey"]
[Date "2009.10.22"]
[Round "5"]
[White "Henbest, Kevin"]
[Black "Luijendijk, Pieter"]
[Result "0-1"]
[WhiteElo "1746"]
[BlackElo "1720"]
[PlyCount "62"]
[EventDate "2009.10.18"]

1. e4 c5 2. Nf3 e6 3. d4 cxd4 4. Nxd4 Nf6 5. Bg5 Qa5+ 6. Qd2 Bb4 7. c3 Be7 8.
Bxf6 Bxf6 9. Na3 a6 10. Nc4 Qc7 11. f4 b5 12. Ne3 Bb7 13. Bd3 Nc6 14. Ne2 Bh4+
15. g3 Be7 16. O-O Bc5 17. Bc2 Qb6 18. Rf3 O-O 19. b4 Bxe3+ 20. Rxe3 Rac8 21.
e5 Ne7 22. Nd4 Nd5 23. Rd3 f6 24. Re1 fxe5 25. Rxe5 Rf6 26. Kf1 Qc7 27. Ne2
Qxe5 28. Ke1 Qe4 29. Kf2 Qh1 30. Rf3 Nxb4 31. Nd4 Qxh2+ 0-1

[Event "Guernsey Open"]
[Site "Guernsey"]
[Date "2009.10.23"]
[Round "6"]
[White "Schroer, Marcel"]
[Black "Hillarp Persson, Tiger"]
[Result "0-1"]
[WhiteElo "2127"]
[BlackElo "2577"]
[PlyCount "67"]
[EventDate "2009.10.18"]

1. d4 Nf6 2. c4 g6 3. Nc3 Bg7 4. e4 d6 5. Bd3 O-O 6. Nge2 a6 7. O-O Nbd7 8. f4
c5 9. d5 b5 10. cxb5 Qb6 11. Kh1 axb5 12. Ng3 b4 13. Nb1 Ba6 14. Qe2 h5 15.
Bxa6 Qxa6 16. Qf3 h4 17. Ne2 Qc4 18. Nd2 Qc2 19. Ng1 c4 20. Re1 Nc5 21. Re2 c3
22. bxc3 Qxc3 23. Rb1 Rxa2 24. Qf1 Rfa8 25. Ngf3 h3 26. gxh3 b3 27. Nxb3 Nxb3
28. Re3 Qxc1 29. Rxc1 Nxc1 30. Re1 Nb3 31. e5 Nd7 32. e6 fxe6 33. Qd3 Nbc5 34.
dxe6 0-1

[Event "Guernsey Open"]
[Site "Guernsey"]
[Date "2009.10.23"]
[Round "6"]
[White "Van Dijk, Bram"]
[Black "Kurajica, Bojan"]
[Result "0-1"]
[WhiteElo "2173"]
[BlackElo "2517"]
[PlyCount "38"]
[EventDate "2009.10.18"]

1. e4 c5 2. Nc3 a6 3. a4 Nc6 4. Bc4 e6 5. d3 Nge7 6. Bg5 h6 7. Bh4 g5 8. Bg3 d5
9. Bb3 Bg7 10. Qh5 Qa5 11. Kf1 c4 12. dxc4 dxc4 13. Bxc4 Bxc3 14. Rd1 Bxb2 15.
h4 Ng6 16. Qe2 Be5 17. Bxe5 Qxe5 18. Nf3 Qc3 19. hxg5 Nf4 0-1

[Event "Guernsey Open"]
[Site "Guernsey"]
[Date "2009.10.23"]
[Round "6"]
[White "Goater, Kevin"]
[Black "Franklin, Samuel"]
[Result "0-1"]
[WhiteElo "2168"]
[BlackElo "2131"]
[PlyCount "56"]
[EventDate "2009.10.18"]

1. g3 g6 2. Bg2 Bg7 3. d3 d6 4. Nd2 c5 5. Rb1 Nc6 6. a3 a5 7. e3 e5 8. Ne2 Nge7
9. h3 Be6 10. b3 Rb8 11. Bb2 O-O 12. O-O Qd7 13. Kh2 b5 14. Nf3 h6 15. d4 cxd4
16. exd4 e4 17. Ne1 g5 18. Bxe4 Bxh3 19. Rh1 d5 20. Bg2 Bxg2 21. Kxg2 Nf5 22.
Nf3 Rfe8 23. Qd2 Re7 24. Rbd1 Rbe8 25. Nc1 Nd6 26. c3 Ne4 27. Qc2 Qf5 28. Qd3
g4 0-1

[Event "Guernsey Open"]
[Site "Guernsey"]
[Date "2009.10.23"]
[Round "6"]
[White "Prins, Jan"]
[Black "Havenaar, Jan"]
[Result "0-1"]
[WhiteElo "2069"]
[BlackElo "2176"]
[PlyCount "111"]
[EventDate "2009.10.18"]

1. d4 Nf6 2. Nf3 d6 3. c4 Nc6 4. d5 Ne5 5. Nxe5 dxe5 6. Nc3 e6 7. e4 Bc5 8. Be2
O-O 9. O-O a6 10. Bg5 Be7 11. Be3 Bb4 12. f3 Qe7 13. Qc2 Bc5 14. Qc1 Nh5 15. g3
f5 16. Bxc5 Qxc5+ 17. Kg2 Nf6 18. Qd2 Bd7 19. Rad1 Rae8 20. b3 a5 21. Bd3 exd5
22. Nxd5 f4 23. Qf2 Qxf2+ 24. Rxf2 c5 25. Rfd2 fxg3 26. hxg3 Bc6 27. Be2 Kf7
28. a3 Rd8 29. Rb2 Ra8 30. Rh1 h6 31. Rd1 Rfd8 32. Kf2 Bxd5 33. cxd5 Ne8 34. b4
axb4 35. axb4 cxb4 36. Rxb4 Nd6 37. Rc1 Rdc8 38. Rxc8 Rxc8 39. f4 Re8 40. Ke3
Re7 41. Bf3 b5 42. Be2 Kf8 43. Bd3 Ra7 44. Rb3 Ra1 45. Rb4 g5 46. f5 h5 47. Kf3
g4+ 48. Kf2 Ra2+ 49. Ke3 Kg7 50. Rb1 Ra3 51. Rf1 Kf6 52. Rb1 Nc4+ 53. Ke2 Ke7
54. Ke1 Nd6 55. Bxb5 Nxe4 56. Bc4 {Remaining moves unreadable. 0-1, 85.} 0-1

[Event "Guernsey Open"]
[Site "Guernsey"]
[Date "2009.10.23"]
[Round "6"]
[White "Minnican, Alan William"]
[Black "Goris, Ton"]
[Result "1/2-1/2"]
[WhiteElo "2105"]
[BlackElo "2060"]
[PlyCount "44"]
[EventDate "2009.10.18"]

1. d4 e6 2. Nf3 d5 3. Bf4 Nf6 4. e3 Bd6 5. Ne5 Nbd7 6. Nd2 Qe7 7. Bd3 Bxe5 8.
dxe5 Ne4 9. O-O Nxd2 10. Qxd2 Nc5 11. Be2 Bd7 12. Bf3 O-O 13. Qd4 a5 14. Bg3 h6
15. Bh4 g5 16. Bg3 Bc6 17. Bh5 Ne4 18. f4 Bb5 19. Rfc1 c5 20. Qd1 Nxg3 21. hxg3
f5 22. exf6 Qxf6 1/2-1/2

[Event "Guernsey Open"]
[Site "Guernsey"]
[Date "2009.10.23"]
[Round "6"]
[White "Baumert, Christian"]
[Black "Bolt, Graham"]
[Result "1-0"]
[WhiteElo "2142"]
[BlackElo "2054"]
[PlyCount "83"]
[EventDate "2009.10.18"]

1. d4 g6 2. c4 Bg7 3. Nc3 d6 4. e4 Nd7 5. Nf3 a6 6. Be2 b6 7. O-O e6 8. Re1 Ne7
9. Be3 Bb7 10. Qc2 h6 11. Rad1 Qb8 12. a3 O-O 13. h3 Kh7 14. Nh2 c6 15. b4 Qc7
16. c5 bxc5 17. bxc5 dxc5 18. dxc5 Rfd8 19. f4 a5 20. Bc4 Nf6 21. Nf3 Ba6 22.
Rxd8 Qxd8 23. Bxa6 Rxa6 24. Rd1 Qc7 25. Ne5 Kg8 26. Na4 Ra8 27. Qd3 Re8 28. Nb6
Qb7 29. Nbc4 Nc8 30. Nxa5 Qb2 31. Naxc6 Nh5 32. Nc4 Qb5 33. Qd7 Qxc4 34. Qxe8+
Kh7 35. Rd8 Nf6 36. Qxf7 Qxe4 37. Bf2 Qxc6 38. Bd4 Nd6 39. Rxd6 Qe4 40. Bxf6
Qe3+ 41. Kh1 Qc1+ 42. Rd1 1-0

[Event "Guernsey Open"]
[Site "Guernsey"]
[Date "2009.10.23"]
[Round "6"]
[White "Hamperl, Fred A"]
[Black "Mack, Wolfgang"]
[Result "1-0"]
[WhiteElo "2046"]
[BlackElo "2257"]
[PlyCount "54"]
[EventDate "2009.10.18"]

1. e4 g6 2. d4 Bg7 3. Nc3 d6 4. f4 a6 5. Nf3 Nd7 6. e5 Nh6 7. Bc4 c5 8. dxc5
dxe5 9. fxe5 e6 10. O-O O-O 11. Ne4 Ng4 12. Bg5 Qa5 13. Qd4 Ngxe5 14. Nxe5 Bxe5
15. Qe3 Qc7 16. Rad1 f5 17. Bxe6+ Kh8 18. Nd6 Qxc5 19. Nxc8 Raxc8 20. Bxd7
Qxe3+ 21. Bxe3 Rxc2 22. Rf2 Rxf2 23. Kxf2 Kg7 24. Bd4 Kf6 25. Ba4 b5 26. Bb3
Rc8 27. h3 a5 1-0